INTRODUCTION TO PRINCIPLES & LIABILITIES IN CRIMINAL LAW / (Record no. 1915)

000 -LEADER
fixed length control field nam a22 a 4500
003 - CONTROL NUMBER IDENTIFIER
control field PNM
005 - DATE AND TIME OF LATEST TRANSACTION
control field 20170512120416.0
008 - FIXED-LENGTH DATA ELEMENTS--GENERAL INFORMATION
fixed length control field 170512t20122012my e 001 0 eng d
020 ## - INTERNATIONAL STANDARD BOOK NUMBER
International Standard Book Number 9789674001025
Qualifying information paperback
Terms of availability RM150.00
020 ## - INTERNATIONAL STANDARD BOOK NUMBER
International Standard Book Number 9679627586
040 ## - CATALOGING SOURCE
Original cataloging agency AKMAL
Transcribing agency AKMAL
082 04 - DEWEY DECIMAL CLASSIFICATION NUMBER
Classification number 345.04 LEE
Edition number 23
090 00 - LOCALLY ASSIGNED LC-TYPE CALL NUMBER (OCLC); LOCAL CALL NUMBER (RLIN)
Classification number (OCLC) (R) ; Classification number, CALL (RLIN) (NR) 345.04
Local cutter number (OCLC) ; Book number/undivided call number, CALL (RLIN) LEE
100 1# - MAIN ENTRY--PERSONAL NAME
Personal name Lee, Chong Fook,
Relator term author.
9 (RLIN) 3977
245 10 - TITLE STATEMENT
Title INTRODUCTION TO PRINCIPLES & LIABILITIES IN CRIMINAL LAW /
Statement of responsibility, etc. Lee Chong Fook, Che Audah Hassan, Mimi Sintia Haji Mohd Bajury
246 3# - VARYING FORM OF TITLE
Title proper/short title Introduction to principles and liabilities in criminal law
250 ## - EDITION STATEMENT
Edition statement Second Edition
264 #1 - PRODUCTION, PUBLICATION, DISTRIBUTION, MANUFACTURE, AND COPYRIGHT NOTICE
Place of production, publication, distribution, manufacture Petaling Jaya, Selangor Darul Ehsan :
Name of producer, publisher, distributor, manufacturer LexisNexis Malaysia Sdn Bhd,
Date of production, publication, distribution, manufacture, or copyright notice [2012]
264 #4 - PRODUCTION, PUBLICATION, DISTRIBUTION, MANUFACTURE, AND COPYRIGHT NOTICE
Date of production, publication, distribution, manufacture, or copyright notice ©2012
300 ## - PHYSICAL DESCRIPTION
Extent xxxvii, 282 pages;
Dimensions 25 cm
336 ## - CONTENT TYPE
Content type term text
Source rdacontent
337 ## - MEDIA TYPE
Media type term unmediated
Source rdamedia
338 ## - CARRIER TYPE
Carrier type term volume
Source rdacarrier
500 ## - GENERAL NOTE
General note Includes index
650 10 - SUBJECT ADDED ENTRY--TOPICAL TERM
Topical term or geographic name entry element Criminal law
Geographic subdivision Malaysia
9 (RLIN) 3716
650 20 - SUBJECT ADDED ENTRY--TOPICAL TERM
Topical term or geographic name entry element Criminal law
Geographic subdivision Singapore
9 (RLIN) 3978
700 0# - ADDED ENTRY--PERSONAL NAME
Personal name Che Audah Hassan,
Relator term author.
9 (RLIN) 3979
700 0# - ADDED ENTRY--PERSONAL NAME
Personal name Mimi Sintia Haji Mohd Bajury,
Relator term author.
9 (RLIN) 3980
942 ## - ADDED ENTRY ELEMENTS (KOHA)
Source of classification or shelving scheme
Koha item type Book
Holdings
Withdrawn status Lost status Source of classification or shelving scheme Damaged status Not for loan Collection code Home library Current library Shelving location Date acquired Inventory number Total Checkouts Full call number Barcode Date last seen Price effective from Koha item type
          NON-FICTION AKMAL Melaka AKMAL Melaka PINJAMAN 12.05.2017 304756   345.04 LEE 201705815 12.05.2017 12.05.2017 Book
          NON-FICTION AKMAL Melaka AKMAL Melaka PINJAMAN 12.05.2017 304836   345.04 LEE 201705817 12.05.2017 12.05.2017 Book
Pusat Sumber Maklumat Dato' Haji Sarmin Md Hussin, Akademi Kastam Diraja Malaysia, Melaka
Tel: 06-2331106 | Faks: 06-2313787